| 000 | 00584nam a2200205 a 4500 | ||
|---|---|---|---|
| 999 |
_c7528 _d7528 |
||
| 003 | OSt | ||
| 005 | 20211210141623.0 | ||
| 008 | 130124s1993 sp 000 0 spa | ||
| 017 | _aM 13555-1993 | ||
| 020 | _a8403593138 | ||
| 040 |
_aSpMaUCFL _bcat _cCDMR |
||
| 080 | _a860"19" | ||
| 080 | _a860-92"19" | ||
| 100 | 1 |
_aHaro Tecglen, Eduardo _d1924-2005 _93045 |
|
| 245 | 1 | 0 |
_a¡Qué estafa! : _bmemorias y notas de un tiempo difícil / _cE. Haro Tecglen |
| 260 |
_aMadrid : _bEl Pais Aguilar, _c1993 |
||
| 300 |
_a437 p. ; _c20 cm |
||
| 490 | 0 | _aEl viaje interior | |
| 942 |
_2udc _cMON |
||